| 000 | 00762nam a2200229 a 4500 | ||
|---|---|---|---|
| 008 | |||
| 020 | _a0470862963 (pbk.) | ||
| 049 | _aMAIN | ||
| 090 |
_aRC565.I53425 _bESS |
||
| 245 | 4 |
_aThe Essentail handbook of _b treatment and prevention of alchol problems/ _cedited by Nick Heather and Tim Stockwell |
|
| 260 |
_aChichester : _bJohn Wiley & Sons Ltd., _c2004 |
||
| 300 |
_avi, 380 p. : _bill. ; _c24 cm |
||
| 504 | _aIncludes bibliographical references. | ||
| 650 | 1 |
_aAlcoholism-treatment _vhandbooks _vmanuals. |
|
| 700 | _aStockwell, Tim. | ||
| 700 | _aHeather, Nick. | ||
| 907 |
_a.b10286810 _b10-01-11 _c09-11-10 |
||
| 003 | |||
| 005 | 20230120204032.0 | ||
| 040 | _cNUST | ||
| 942 |
_cBOOKS _kRC565.I53425 _mESS |
||
| 999 |
_c115968 _d115968 |
||